'Striped Sweater' Lyrics Quiz Stats

 Plays Quiz Updated Jan 17, 2016

Challenge
Share
Tweet
Embed
Score 0/37 Timer 05:00
6 Plays Today
% Correct
Sweater.
97.3%
sweater
97.3%
sweater.....
97.3%
Striped
96.9%
striped
96.9%
a
96.4%
a
96.4%
The
96%
the
96%
the
96%
to
92.2%
to
92.2%
wear
91.6%
is
88.8%
I'd
87.9%
best
87.9%
time
87.8%
time.
87.8%
all
87%
% Correct
like
75.2%
One
73.2%
one....
73.2%
with
70.3%
that
68.9%
turtleneck,
68.7%
kind,
63.4%
collar
63.3%
when
61.5%
thats
61%
you're
59%
wearing
55.6%
'Cause
52.1%
this
51.3%
special.....
49.8%
call
42.6%
little
38.3%
number
34.2%

You're not logged in!

Compare scores with friends on all Sporcle quizzes.
Join for Free
OR
Log In

You Might Also Like...

Show Comments

Extras

Top Quizzes Today


Score Distribution

Your Account Isn't Verified!

In order to create a playlist on Sporcle, you need to verify the email address you used during registration. Go to your Sporcle Settings to finish the process.

Report this User

Report this user for behavior that violates our Community Guidelines.

Details: